| 000 | 01303nam0a2200313 4500 | ||
|---|---|---|---|
| 001 | RU\NLR\bibl\1478534 | ||
| 005 | 20260408075207.0 | ||
| 010 |
_a978-5-93312-897-7 _92000 |
||
| 021 |
_aRU _b2009-107608 _96865 |
||
| 035 | _a(NLR Aleph) 001470196 | ||
| 090 |
_a1638732 _c1638732 |
||
| 100 | _a20100227d2010 |||y0rusy50 ca | ||
| 101 | 0 | _arus | |
| 102 | _aRU | ||
| 105 | _aa ||||||||| | ||
| 200 | 1 |
_aСценарии мероприятий по пожарной безопасности _eстаршая группа _fИзд.-торг. дом "Корифей" _gавт.-сост. Ж.М. Карисова |
|
| 210 |
_aВолгоград _cКорифей _d2010 |
||
| 215 |
_a95, [1] с. _cил. _d21 |
||
| 225 | 1 | _aДетский сад | |
| 320 | _aБиблиогр.: с. 93 (5 назв.) | ||
| 606 | 1 |
_aДошкольники _xОбучение правилам пожарной безопасности _92276404 _3RU\NLR\auth\661364134 |
|
| 686 | _aЧ411.352.23 | ||
| 702 | 1 |
_aКарисова _bЖ. М. _gЖания Муратовна _4220 |
|
| 712 | 0 | 2 |
_4570 _a"Корифей", издательско-торговый дом _cВолгоград _3RU\NLR\AUTH\8810071060 _9644016 |
| 801 | 0 |
_aRU _bNLR _c20100227 _gRCR |
|
| 801 | 1 |
_aRU _bNLR _c20100227 |
|
| 942 | _cBOOK | ||
| 980 | _aNB | ||